| 000 | 00905cam a2200157ua 4500 | ||
|---|---|---|---|
| 041 |
_aeng _h |
||
| 082 |
_a575 _bCAN/EV |
||
| 100 | _aCannen, Graham H . | ||
| 110 | 1 |
_a . _b _c() |
|
| 245 |
_aEvolution of living things / _cGraham H Cannen. _hTextual Documents |
||
| 260 |
_a : _bManchester university press , _c1958. |
||
| 300 | _a180 ; . | ||
| 504 | _a | ||
| 942 | _cBK | ||
| 999 |
_c10623 _d10623 |
||